<Les> indispensables du créateur d'entreprise

Na minha lista:
Detalhes bibliográficos
Formato: Livro
Idioma:francês
Publicado em: Paris Pearson Education France 2011
Colecção:Apprendre toujours
Assuntos:
Tags: Adicionar Tag
Sem tags, seja o primeiro a adicionar uma tag!

MARC

LEADER 00000nam a2200000 4500
001 0178516
005 20240311131231.6
020 |a 978-2-7440-6586-6 
020 |a 978-2-7440-6487-6 
041 0 |a fre 
044 |a FR 
245 1 0 |a <Les> indispensables du créateur d'entreprise 
264 1 |a Paris  |b Pearson Education France  |c 2011 
300 |a 279 s. 
490 1 |a Apprendre toujours 
830 0 |a Apprendre toujours 
610 2 0 |a modely podniku 
610 2 0 |a politika podnikania 
610 2 0 |a politika podniková 
610 2 0 |a stratégia podnikateľská 
610 2 0 |a stratégia podniková